000 00371nam a2200121Ia 4500
008 231129s9999||||xx |||||||||||||| ||spa||
040 _bspa
082 _a344.01861 o15p
100 _aOcampo Jose Antonio
245 0 _aEl problema laboral colombiano: informes especiales de la mision de empleo
264 _aImprenta de la Contraloria de la Republica
942 _2ddc
_cBKS
999 _c12204
_d12204